南京地铁S6号线 Nanjing Metro Line S6 - Statistics

General Stats
  • This quiz has been taken 10 times
  • The average score is 11 of 13
Answer Stats
换乘线路 站名 % Correct
2 马群
100%
句容
100%
南京猿人洞
90%
汤山
90%
崇明
90%
百水桥
80%
麒麟门
80%
黄梅
80%
童世界
80%
华阳
80%
东郊小镇
70%
泉都大街
70%
古泉
60%
No matching quizzes found
Score Distribution
Percent of People with Each Score
Percentile by Number Answered
Your Score History
You have not taken this quiz